| 000 | 00000nam##2200000za#4500 |
| 001 | 9.573659 |
| 003 | CaOODSP |
| 005 | 20210624183815 |
| 007 | cr ||||||||||| |
| 008 | 150406|2004||||xxc|||||o f|0| 0 eng|d |
| 040 | |aCaOODSP|beng |
| 043 | |an-cn--- |
| 086 | 1 |aT41-1/24E-PDF |
| 110 | 1 |aCanada. |bTransport Canada. |
| 245 | 10|aFuel sense : |h[electronic resource]|bmaking fleet and transit operations more efficient |
| 260 | |aOttawa - Ontario : |bTransport Canada |cJuly 2004. |
| 300 | |a4p.|bphotographs |
| 490 | 1 |aCase studies in sustainable transportation|vCase study 24 |
| 500 | |aAt head of title: Urban Transportation Showcase Program. "Edmonton, Alberta". |
| 590 | |a12-20-Supp|b2012-05-09 |
| 775 | 08|tLe programme «Fuel Sense» : |w(CaOODSP)9.603758 |
| 830 | #0|aCase studies in sustainable transportation ;|vCase study 24|w(CaOODSP)9.506851 |
| 856 | 40|ahttp://publications.gc.ca|qPDF|s177 KB|uhttps://publications.gc.ca/collections/collection_2012/tc/T41-1-24-eng.pdf|yCase study 24 |
| 986 | |aTP14269E |